000 00463nam a2200181Ia 4500
001 23793
005 20260414151001.0
008 260414t2007||||xx |||||||||||||| ||spa||
041 _aESP
082 _a709.46
_bG23 N° 2
100 _aGarcía Gainza, María Concepción
_eAUT
245 0 _aPromoción y mecenazgo del arte en Navarra
_b
260 _c2007
300 _a431 páginas :
_c29 cm.
650 _aABD
654 _aCAU
942 _cLIB
_dJUS
_fJUS
_2ddc
_n
999 _c23793
_d23793